| 000 | 01111nam a2200253 a 4500 | ||
|---|---|---|---|
| 001 | 000046743 | ||
| 005 | 20220321135113.0 | ||
| 008 | 180321s2015 dr a 000 0 spa d | ||
| 020 | _a9789945900491 | ||
| 040 |
_aDO-SdBNP _bspa _cBNPHU |
||
| 082 |
_axxxx _bP969g |
||
| 100 | 1 |
_aPacheco Salazar, Berenice _943335 |
|
| 245 | 1 | 0 |
_aGuía orientativa para su diseño e implementación / _cBerenice Pacheco Salazar, Verónica Herrera ; coordinadora Analia Rosoli. |
| 260 |
_aSanto Domingo : _bMINERD, _bOEI, _c2015. |
||
| 300 |
_a45 p. : _bil. ; _c27 cm. |
||
| 490 | 1 | _aSistema integral de apoyo a los aprendizajes | |
| 500 | _aA la cabeza del título : Proyectos educativos innovadores; guía orientativa para su diseño e implementación. | ||
| 590 | _aInventariado, 2018 /LP | ||
| 700 | 1 |
_aHerrera, Verónica _974677 |
|
| 700 | 1 |
_aRosoli, Analía, _ecoordinadora _9206 |
|
| 710 | 1 |
_aRepública Dominicana. Ministerio de Educación _943100 |
|
| 710 | 2 |
_aOrganización de Estados Iberoamericanos para la Educación, la Ciencia y la Cultura _929137 |
|
| 830 | 0 |
_aSistema integral de apoyo a los aprendizajes _974671 |
|
| 999 |
_c46232 _d46232 |
||